Harry Potter y la piedra filosofal/ (Record no. 133)

MARC details
000 -LEADER
fixed length control field 00474nam a2200193 a 4500
005 - DATE AND TIME OF LATEST TRANSACTION
control field 20260322212007.0
008 - FIXED-LENGTH DATA ELEMENTS--GENERAL INFORMATION
fixed length control field data
020 ## - INTERNATIONAL STANDARD BOOK NUMBER
International Standard Book Number 8478884459
020 ## - INTERNATIONAL STANDARD BOOK NUMBER
International Standard Book Number 9788478884452
099 ## - LOCAL FREE-TEXT CALL NUMBER (OCLC)
Classification number ROWLIJ
001 - CONTROL NUMBER
control field data
100 1# - MAIN ENTRY--PERSONAL NAME
Personal name Rowling, J. K.
245 10 - TITLE STATEMENT
Title Harry Potter y la piedra filosofal/
Statement of responsibility, etc. J. K. Rowling.
250 ## - EDITION STATEMENT
Edition statement Spanish ed.
260 ## - PUBLICATION, DISTRIBUTION, ETC.
Place of publication, distribution, etc. Barcelona :
Name of publisher, distributor, etc. Emec ̌Editores, ;
Date of publication, distribution, etc. 1999.
300 ## - PHYSICAL DESCRIPTION
Extent 254 p. ;
Other physical details 23 cm.
650 #0 - SUBJECT ADDED ENTRY--TOPICAL TERM
Topical term or geographic name entry element Juvenile fiction
650 #0 - SUBJECT ADDED ENTRY--TOPICAL TERM
Topical term or geographic name entry element Novela juvenil.
Holdings
Withdrawn status Lost status Damaged status Not for loan Home library Current library Shelving location Date acquired Total checkouts Full call number Barcode Date last seen Price effective from Koha item type
        Fairfield Fairfield General stacks 22/03/2026   GEN BC0010137 22/03/2026 22/03/2026 Books